<?xml version="1.0" encoding="UTF-8"?>
<record
    xmlns:xsi="http://www.w3.org/2001/XMLSchema-instance"
    xsi:schemaLocation="http://www.loc.gov/MARC21/slim http://www.loc.gov/standards/marcxml/schema/MARC21slim.xsd"
    xmlns="http://www.loc.gov/MARC21/slim">

  <leader>02191nam a22002537a 4500</leader>
  <datafield tag="999" ind1=" " ind2=" ">
    <subfield code="c">59758</subfield>
    <subfield code="d">59758</subfield>
  </datafield>
  <controlfield tag="003">Ge_BSU</controlfield>
  <controlfield tag="005">20230411110357.0</controlfield>
  <controlfield tag="008">230411s2014    ge ||||| |||| 00| 0 geo d</controlfield>
  <datafield tag="020" ind1=" " ind2=" ">
    <subfield code="a">9789941066504</subfield>
  </datafield>
  <datafield tag="041" ind1=" " ind2=" ">
    <subfield code="a">geo</subfield>
  </datafield>
  <datafield tag="080" ind1=" " ind2=" ">
    <subfield code="a">725.1:613.41:903.48(479.22) &#x10EB;-49</subfield>
  </datafield>
  <datafield tag="245" ind1=" " ind2=" ">
    <subfield code="a">&#x10EB;&#x10D5;&#x10D4;&#x10DA;&#x10D8; &#x10E5;&#x10D0;&#x10E0;&#x10D7;&#x10E3;&#x10DA;&#x10D8; &#x10D0;&#x10D1;&#x10D0;&#x10DC;&#x10DD;&#x10D4;&#x10D1;&#x10D8; = An ancient georgian bath house = &#x414;&#x440;&#x435;&#x432;&#x43D;&#x438;&#x435; &#x433;&#x440;&#x443;&#x437;&#x438;&#x43D;&#x441;&#x43A;&#x438;&#x435; &#x431;&#x430;&#x43D;&#x438; :</subfield>
    <subfield code="b">[&#x10DB;&#x10DD;&#x10DC;&#x10DD;&#x10D2;&#x10E0;&#x10D0;&#x10E4;&#x10D8;&#x10D0;] / </subfield>
    <subfield code="c">&#x10D5;. &#x10E1;&#x10D0;&#x10D3;&#x10E0;&#x10D0;&#x10EB;&#x10D4;, &#x10DB;. &#x10EB;&#x10DC;&#x10D4;&#x10DA;&#x10D0;&#x10EB;&#x10D4;, &#x10D4;. &#x10E6;&#x10DA;&#x10D8;&#x10E6;&#x10D5;&#x10D0;&#x10E8;&#x10D5;&#x10D8;&#x10DA;&#x10D8;, &#x10D7;. &#x10EE;&#x10DD;&#x10EE;&#x10DD;&#x10D1;&#x10D0;&#x10E8;&#x10D5;&#x10D8;&#x10DA;&#x10D8; ; &#x10E0;&#x10D4;&#x10D3;. &#x10D5;&#x10D0;&#x10DF;&#x10D0; &#x10E1;&#x10D0;&#x10D3;&#x10E0;&#x10D0;&#x10EB;&#x10D4; ; &#x10E1;&#x10D0;&#x10E5;. &#x10D4;&#x10E0;&#x10DD;&#x10D5;&#x10DC;. &#x10D0;&#x10D9;&#x10D0;&#x10D3;., &#x10E1;&#x10D0;&#x10E5;. &#x10E2;&#x10D4;&#x10E5;&#x10DC;. &#x10E3;&#x10DC;-&#x10E2;&#x10D7;&#x10D0;&#x10DC; &#x10D0;&#x10E0;&#x10E1;&#x10D4;&#x10D1;&#x10E3;&#x10DA;&#x10D8; &#x10E1;&#x10D0;&#x10E1;&#x10EC;.-&#x10E1;&#x10D0;&#x10DB;&#x10D4;&#x10EA;&#x10DC;. &#x10EA;&#x10D4;&#x10DC;&#x10E2;&#x10E0;&#x10D8; "&#x10E5;&#x10D0;&#x10E0;&#x10D7;&#x10E3;&#x10DA;&#x10D8; &#x10D9;&#x10E3;&#x10DA;&#x10E2;&#x10E3;&#x10E0;&#x10E3;&#x10DA;&#x10D8; &#x10DB;&#x10D4;&#x10DB;&#x10D9;&#x10D5;&#x10D8;&#x10D3;&#x10E0;&#x10D4;&#x10DD;&#x10D1;&#x10D8;&#x10E1; &#x10E8;&#x10D4;&#x10E1;&#x10EC;&#x10D0;&#x10D5;&#x10DA;&#x10D0; &#x10D3;&#x10D0; &#x10D3;&#x10D0;&#x10EA;&#x10D5;&#x10D0;".</subfield>
  </datafield>
  <datafield tag="264" ind1=" " ind2=" ">
    <subfield code="a">&#x10D7;&#x10D1;&#x10D8;&#x10DA;&#x10D8;&#x10E1;&#x10D8;,</subfield>
    <subfield code="c">2014.</subfield>
  </datafield>
  <datafield tag="300" ind1=" " ind2=" ">
    <subfield code="a">138 &#x10D2;&#x10D5;. : </subfield>
    <subfield code="b">&#x10D8;&#x10DA;. ; </subfield>
    <subfield code="c">20 &#x10E1;&#x10DB;.</subfield>
  </datafield>
  <datafield tag="500" ind1=" " ind2=" ">
    <subfield code="a">&#x10E7;&#x10D3;&#x10D0;&#x10D6;&#x10D4; &#x10D0;&#x10D5;&#x10E2;. &#x10DB;&#x10D8;&#x10D7;&#x10D8;&#x10D7;&#x10D4;&#x10D1;&#x10E3;&#x10DA;&#x10D8; &#x10D0;&#x10E0; &#x10D0;&#x10E0;&#x10D8;&#x10D0;&#x10DC;.</subfield>
  </datafield>
  <datafield tag="501" ind1=" " ind2=" ">
    <subfield code="a">&#x10EC;&#x10D8;&#x10DC;&#x10D0; &#x10E7;&#x10D3;&#x10D0;&#x10D6;&#x10D4;: &#x10E0;&#x10DD;&#x10E1;&#x10E2;&#x10DD;&#x10DB; &#x10DB;&#x10D4;&#x10E4;&#x10D8;&#x10E1; &#x10D0;&#x10D1;&#x10D0;&#x10DC;&#x10DD;.
&#x10E3;&#x10D9;&#x10D0;&#x10DC;&#x10D0; &#x10E7;&#x10D3;&#x10D0;&#x10D6;&#x10D4;: &#x10EB;&#x10D0;&#x10DA;&#x10D8;&#x10E1;&#x10D0;&#x10E1; &#x10D0;&#x10D1;&#x10D0;&#x10DC;&#x10DD;&#x10E1; &#x10DB;&#x10DD;&#x10D6;&#x10D0;&#x10D8;&#x10D9;&#x10D0;, &#x10E0;&#x10DD;&#x10DB;&#x10D0;&#x10E3;&#x10DA;&#x10D8; &#x10EE;&#x10D0;&#x10DC;&#x10D0;.
&#x10E2;&#x10D4;&#x10E0;&#x10DB;&#x10D8;&#x10DC;&#x10D7;&#x10D0; &#x10DC;&#x10E3;&#x10E1;&#x10EE;&#x10D0;: &#x10D2;&#x10D5;. 136-137.</subfield>
  </datafield>
  <datafield tag="504" ind1=" " ind2=" ">
    <subfield code="a">&#x10D1;&#x10D8;&#x10D1;&#x10DA;&#x10D8;&#x10DD;&#x10D2;&#x10E0;.: &#x10D2;&#x10D5;. 131-135.</subfield>
  </datafield>
  <datafield tag="700" ind1=" " ind2=" ">
    <subfield code="a">&#x10E1;&#x10D0;&#x10D3;&#x10E0;&#x10D0;&#x10EB;&#x10D4;, &#x10D5;. (&#x10D5;&#x10D0;&#x10DF;&#x10D0;) </subfield>
    <subfield code="e">&#x10D0;&#x10D5;&#x10E2;&#x10DD;&#x10E0;&#x10D8;</subfield>
    <subfield code="9">17605</subfield>
  </datafield>
  <datafield tag="700" ind1=" " ind2=" ">
    <subfield code="a">&#x10EE;&#x10DD;&#x10EE;&#x10DD;&#x10D1;&#x10D0;&#x10E8;&#x10D5;&#x10D8;&#x10DA;&#x10D8;, &#x10D7;. </subfield>
    <subfield code="e">&#x10D0;&#x10D5;&#x10E2;&#x10DD;&#x10E0;&#x10D8;</subfield>
    <subfield code="9">17606</subfield>
  </datafield>
  <datafield tag="700" ind1=" " ind2=" ">
    <subfield code="a">&#x10EB;&#x10DC;&#x10D4;&#x10DA;&#x10D0;&#x10EB;&#x10D4;, &#x10DB;. </subfield>
    <subfield code="e">&#x10D0;&#x10D5;&#x10E2;&#x10DD;&#x10E0;&#x10D8;</subfield>
    <subfield code="9">17607</subfield>
  </datafield>
  <datafield tag="700" ind1=" " ind2=" ">
    <subfield code="a">&#x10E6;&#x10DA;&#x10D8;&#x10E6;&#x10D5;&#x10D0;&#x10E8;&#x10D5;&#x10D8;&#x10DA;&#x10D8;, &#x10D4;. </subfield>
    <subfield code="e">&#x10D0;&#x10D5;&#x10E2;&#x10DD;&#x10E0;&#x10D8;</subfield>
    <subfield code="9">17608</subfield>
  </datafield>
  <datafield tag="710" ind1=" " ind2=" ">
    <subfield code="a">&#x10E1;&#x10D0;&#x10E5;. &#x10D4;&#x10E0;&#x10DD;&#x10D5;&#x10DC;. &#x10D0;&#x10D9;&#x10D0;&#x10D3;&#x10D4;&#x10DB;&#x10D8;&#x10D0;</subfield>
    <subfield code="b">&#x10E1;&#x10D0;&#x10E5;. &#x10E2;&#x10D4;&#x10E5;&#x10DC;. &#x10E3;&#x10DC;-&#x10E2;&#x10D7;&#x10D0;&#x10DC; &#x10D0;&#x10E0;&#x10E1;&#x10D4;&#x10D1;&#x10E3;&#x10DA;&#x10D8; &#x10E1;&#x10D0;&#x10E1;&#x10EC;.-&#x10E1;&#x10D0;&#x10DB;&#x10D4;&#x10EA;&#x10DC;. &#x10EA;&#x10D4;&#x10DC;&#x10E2;&#x10E0;&#x10D8; "&#x10E5;&#x10D0;&#x10E0;&#x10D7;&#x10E3;&#x10DA;&#x10D8; &#x10D9;&#x10E3;&#x10DA;&#x10E2;&#x10E3;&#x10E0;&#x10E3;&#x10DA;&#x10D8; &#x10DB;&#x10D4;&#x10DB;&#x10D9;&#x10D5;&#x10D8;&#x10D3;&#x10E0;&#x10D4;&#x10DD;&#x10D1;&#x10D8;&#x10E1; &#x10E8;&#x10D4;&#x10E1;&#x10EC;&#x10D0;&#x10D5;&#x10DA;&#x10D0; &#x10D3;&#x10D0; &#x10D3;&#x10D0;&#x10EA;&#x10D5;&#x10D0;".</subfield>
    <subfield code="9">17609</subfield>
  </datafield>
  <datafield tag="942" ind1=" " ind2=" ">
    <subfield code="2">udc</subfield>
    <subfield code="c">BK</subfield>
  </datafield>
  <datafield tag="952" ind1=" " ind2=" ">
    <subfield code="0">0</subfield>
    <subfield code="1">0</subfield>
    <subfield code="2">udc</subfield>
    <subfield code="4">0</subfield>
    <subfield code="6">7251613419034847922_&#x10EB;49</subfield>
    <subfield code="7">0</subfield>
    <subfield code="9">94389</subfield>
    <subfield code="a">CPL</subfield>
    <subfield code="b">CPL</subfield>
    <subfield code="c">GEN</subfield>
    <subfield code="d">2023-04-11</subfield>
    <subfield code="g">6.00</subfield>
    <subfield code="o">725.1:613.41:903.48(479.22) &#x10EB;-49</subfield>
    <subfield code="p">64198</subfield>
    <subfield code="r">2023-04-11</subfield>
    <subfield code="t">64198</subfield>
    <subfield code="w">2023-04-11</subfield>
    <subfield code="y">BK</subfield>
    <subfield code="z">6 &#x10DA;.</subfield>
  </datafield>
</record>
